01608nam a22001337a 4500003000400000020001800004082001500022100001500037245002500052260004100077300000800118650002500126653132300151SGT a9789325982291 a658.15,PAN aPANDAY,I.M aFINANCIAL MANAGEMENT aNEW DELHIbVIKASH PUBLICATION c2015 a909 aFINANCIAL MANAGEMENT aNATURE OF FINANCIAL MANAGEMENT • VALUE AND RETURN • VALUATION OF BONDS AND SHARES • RISK AND RETURN • PORTFOLIO THEORY AND ASSETS PRICING MODELS • BETA ESTIMATION AND THE COST OF EQUITY • OPTIONS AND THEIR VALUATION • CAPITAL BUDGETING DECISIONS • THE COST OF CAPITAL • CASH FLOWS FOR INVESTMENT ANALYSIS • COMPLEX INVESTMENT DECISIONS • RISK ANALYSIS IN CAPITAL BUDGETING • REAL OPTIONS, INVESTMENT STRATEGY AND PROCESS • FINANCIAL AND OPERATING LEVERAGE • CAPITAL STRUCTURE: THEORY AND POLICY • VALUATION AND FINANCING • DIVIDEND THEORY • DIVIDEND POLICY • CAPITAL MARKET EFFICIENCY AND CAPITAL MARKETS IN INDIA • LONG-TERM FINANCE: SHARES, DEBENTURES AND TERM LOANS • CONVERTIBLE DEBENTURES AND WARRANTS • ASSET-BASED FINANCING: LEASE, HIRE PURCHASE AND PROJECT FINANCING • VENTURE CAPITAL FINANCING • FINANCIAL STATEMENTS • FINANCIAL STATEMENT ANALYSIS • FINANCIAL PLANNING AND STRATEGY • PRINCIPLES OF WORKING CAPITAL MANAGEMENT • RECEIVABLES MANAGEMENT AND FACTORING • INVENTORY MANAGEMENT • CASH MANAGEMENT • WORKING CAPITAL FINANCE • CORPORATE RESTRUCTURING, MERGERS AND ACQUISITIONS • DERIVATIVES FOR MANAGING FINANCIAL RISK • INTERNATIONAL FINANCIAL MANAGEMENT • SHAREHOLDER VALUE AND CORPORATE GOVERNANCE • COMPREHENSIVE CASES • TABLES